Biodiversidad, sustento y culturas (Registro nro. 27355)

Detalles MARC
000 -CABECERA
Longitud fija campo de control 00617nai a22001937a 4500
003 - IDENTIFICADOR DELl NÚMERO DE CONTROL
Identificador del número de control OSt
005 - FECHA Y HORA DE LA ÚLTIMA TRANSACCIÓN
Fecha y hora de la última transacción 20170601183217.0
008 - CÓDIGOS DE INFORMACIÓN DE LONGITUD FIJA
Códigos de información de longitud fija 170321b xxu||||| |||| 00| 0 eng d
022 ## - NÚMERO INTERNACIONAL NORMALIZADO PARA PUBLICACIONES SERIADAS
Número Internacional Normalizado para Publicaciones Seriadas 07977-888X
040 ## - FUENTE DE LA CATALOGACIÓN
Centro catalogador de origen BMC
Centro transcriptor BMC
082 ## - NÚMERO DE LA CLASIFICACIÓN DECIMAL DEWEY
Númeroo de clasificación 338.1
245 00 - MENCIÓN DE TÍTULO
Título Biodiversidad, sustento y culturas
Resto del título : enero
Mención de responsabilidad, etc. Carmen Améndola, editora
260 ## - PUBLICACIÓN, DISTRIBUCIÓN, ETC. (PIE DE IMPRENTA)
Lugar de publicación, distribución, etc. Barcelona
Nombre del editor, distribuidor, etc. REDES-AT
-- GRAIN
Fecha de publicación, distribución, etc. 2006
300 ## - DESCRIPCIÓN FÍSICA
Extensión 36 p.
Dimensiones 28 cm
490 ## - MENCIÓN DE SERIE
Mención de serie Redes, amigos de la tierra
Designación de volumen o secuencia 47
505 ## - NOTA DE CONTENIDO CON FORMATO
Nota de contenido con formato Contiene: Soberanía alimentaria y sistema alimentario mundial.- Las curadoras de semillas.-
650 24 - PUNTO DE ACCESO ADICIONAL DE MATERIA - TÉRMINO DE MATERIA
9 (RLIN) 6390
Término de materia o nombre geográfico como elemento inicial Agricultura integrada
942 ## - ENTRADA DE ELEMENTOS AGREGADOS (KOHA)
Fuente de clasificaión o esquema Dewey Decimal Classification
Koha [por defecto] tipo de item 2- Prensa y Revistas
Existencias
Suprimido Perdido Fuente de clasificación o esquema Estropeado Restricciones de uso No para préstamo Código de colección Localización permanente Localización actual Localización en estanter&íacute;as Fecha adquisición Fuente de adquisición Número de inventario Préstamos totales Signatura completa Código de barras Fecha última consulta Fecha del precio de reemplazo Tipo de item de Koha
NULL NULL Dewey Decimal Classification NULL Prestable NULL NULL Biblioteca Miguel de Cervantes - UNICAES Biblioteca Miguel de Cervantes - UNICAES Sala Principal 20/05/2006 Donación - Facultad de Ciencias Empresariales 000020   BIO-000020 1041196 27/03/2017 27/03/2017 2- Prensa y Revistas